00209 a2200085 450000100060000004000220000624000190002824500170004765000590006451293 cAnchieta - Pituba10aLOGISCH ! B1l10aLOGISCH ! B1 4aLínguas germânicas (teutônicas) língua alemã